| 000 | 00325nam a2200121Ia 4500 | ||
|---|---|---|---|
| 008 | 230907s9999||||xx |||||||||||||| ||und|| | ||
| 082 |
_a624.068 _bMCK |
||
| 100 |
_aMcKeon, John J. _9116044 |
||
| 245 | 0 | _aBecoming a construction manager / | |
| 260 |
_aWiley, _bHoboken, N.J. : _c2012 |
||
| 300 | _aviii, 214 p. : | ||
| 942 | _cBK | ||
| 999 |
_c600888 _d600888 |
||